Normal view
MARC view
- Dukkipati,. V Rao
Entry Personal Name
001 - CONTROL NUMBER
- control field: 124299
003 - CONTROL NUMBER IDENTIFIER
- control field: NUST
005 - DATE AND TIME OF LATEST TRANSACTION
- control field: 20240709171551.0
008 - FIXED-LENGTH DATA ELEMENTS
- fixed length control field: 240709|| aca||aabn | a|a d
040 ## - CATALOGING SOURCE
- Original cataloging agency: NUST
- Transcribing agency: NUST
100 ## - HEADING--PERSONAL NAME
- Personal name: Dukkipati,. V Rao
670 ## - SOURCE DATA FOUND
- Source citation: Work cat.: (NUST): Dukkipati,. V Rao, Mechanical Vibrations, 2012.
